000 00736nam a2200229 a 4500
999 _c12025
_d12025
001 12025
003 BD-JhCC
005 20210308083932.0
008 210308b19962012bg a|||| ||a| 000 0 mul d
020 _a9848485615
035 _a(BD-JhCC)12025
040 _aBD-JhCC
_dBD-JhCC
041 _amul
082 _a005.133
_bKHA 2012
100 _aখাঁন, মোঃ আজিজুর রহমান
245 _aমাস্টারিং ডস /
_cমোঃ আজিজুর রহমান খাঁন
260 _aঢাকা :
_bজ্ঞানকোষ প্রকাশনী;
_c২০১২.
300 _a489
_bill
_c22 cm.
650 _aPerl (Computer program language)
942 _2ddc
_cBK